Statistics for New Orleans Pelicans 2017-18 Most Games Leading Team in Scoring

Click here to take the quiz!

General Stats

  • This quiz has been taken 53 times
  • The average score is 3 of 6

Answer Stats

PlayerGames% Correct
Anthony Davis48
98%
Jrue Holiday15
89%
DeMarcus Cousins16
84%
E'Twaun Moore1
47%
Darius Miller1
18%
Ian Clark2
11%

Score Distribution

Percentile by Number Answered

Percent of People with Each Score

Your Score History

You have not taken this quiz